01973nam a2200265Ia 4500003000400000005001700004008004100021020001800062040003500080082001600115100002000131245005500151264003400206300002800240336002700268337003300295338002800328490005100356500090400407600017301311650004701484942001201531999001701543952014701560OSt20210127110445.0161108s9999 xx 000 0 und d a9789588900087 aCO-BoRNBPbspaerdacCO-BoRNBP a868.44 G34a aGilard, Jacques aAsí leí a García Márquez /cJacques Gilard aBogotá :b Collage Editores a279 páginas ;c 24 cm atextobtxt2rdacontent asin mediaciónbn2rdamedia avolumenbnc2rdacarrier aGarcía Márquez, Genio universal del Caribe aEste libro es un homenaje a García Márquez, por su reconocida obra literaria, y a Jacques Gilard, por su dedicación a indagar en ella, profundizando en la cultura Caribe, en sus autores y en su gente. De sus numerosas investigaciones y ensayos, cuatro han sido seleccionados por Fabio Rodríguez Amaya, conocedor de su obra, y albacea literario de ella. Ellos son: Eduardo Zalamea Borda, descubridor de García Márquez; Veinte y cuarenta años de algo peor que la soledad; Renovación del cuento hispanoamericano Ojos de perro azul; y Del amor y otros demonios: otra novela de la pasión. Gilard, quien tenía la más absoluta convicción de la grandeza de García Márquez, aplica en estos textos su más experimentada metodología de trabajo, desarrollando una rigurosa labor crítica, sin perder de vista la objetividad que le era tan preciada, su mayor característica. aGarcia Marquez, Gabriel, 1928-2014 - Critica E Interpretacion / Garcia Marquez, Gabriel, 1928-2014 - Homenajes Postumos / Garcia Marquez, Gabriel, 1928-2014 - Anecdotas aLiteratura Colombiana - Historia Y Critica 2ddccBK c12869d12869 00102ddc40708GENaBPMOSbBPMOSd2021-01-27eCompraintl1o868.44 G34apMOS500564r2023-04-21s2023-03-17tej 1w2021-01-27yBKzOcho dias